000 00308 a2200157 4500
001 158773
020 _a
040 _cMagnum
100 _a-
240 1 0 _aComo o universo funciona
_lpor
245 1 0 _aComo o universo funciona
362 0 _a1899
440 1 _aGlobo
697 _aCOLECAO
942 _cBK
999 _c158773
_d158773